Los quesos /

Guardado en:
Autor Principal: Cenzano, I.
Formato: Libro
Publicado: Madrid : Mundi-prensa, 1992
Materias:
Etiquetas: Agregar Etiqueta
Sin Etiquetas, Sea el primero en etiquetar este registro!
LEADER 00515nam a22001935a 4500
001 CEM.cems016841
005 20091113120950.0
008 130507s1992##################000#0#####d
003 CEMS
082 0 4 |a 637.3 
100 1 |a Cenzano, I. 
245 1 0 |a Los quesos /  |c I Cenzano, 
260 |a Madrid :  |b Mundi-prensa,  |c 1992 
300 |a 227 p. 
653 |a Queso-elaboracion 
653 |a Queso-clasificacion 
653 |a Queso-conservacion 
653 |a Queso 
859 |a CEMS  |b BIB. CEMS - Agricultura  |h 637.3  |i C333  |p A18745.95  |t Ej.1